000 00352nam a2200133 i 4500
001 bg
100 1 _aWOJNARSKA-MAZURKIEWiCZ, Helena
245 0 _aTeksty i ćwiczenia z języka rosyjskiego /
_cHelena Wojnarska-Mazurkiewicz.
260 _aKielce,
_c1980.
040 _cBPK
041 _apol
942 _cKS
008 s pl f |000 0 pol
999 _c20416
_d20416
856 _uhttp://koha.tu.koszalin.pl/cgi-bin/koha/opac-detail.pl?biblionumber=20416
_yKatalog online BPK